zpět

Detail výsledku týmu

Na Tahu , Olomouc

Datum a čas kvízu

18.5 Celkem bodů Celkový počet nahraných bodů na tomto kvízu bez doplňovacích otázek.
11. Pořadí na kvízu Konečné umístění týmu na tomto kvízu.

Zaznamenané odpovědi

# Otázka Odpověď Body Výsledky
1. V masce kterého zvířete naruši... gorily 0
2. Státníci kterých dvou zemí si... Japonsko (premiérka), Jižní Korea (prezident) 0
3. Jakub Hrůša získal minulý týde... dirigent (hudební ředitel) 0
4. Mladoboleslavská automobilka p... Epiq; Peaq 0
5. Česká republika získala zásluh... krasobruslení 0
6. Vaším úkolem v tématu bude odh... červená, žlutá 0.5
7. Teď se podíváme na domácí fotb... tři 0
8. Pojďme na hokej. Olomoucký koh... červenou 1
9. Na základě zobrazených barev l... Los Angeles Lakers 1
10. Které americké město oslavuje... Pittsburgh 0